Turbulence / (Record no. 10589)

000 -LEADER
fixed length control field 01599cam a22003254a 4500
003 - CONTROL NUMBER IDENTIFIER
control field OSt
005 - DATE AND TIME OF LATEST TRANSACTION
control field 20220406174616.0
008 - FIXED-LENGTH DATA ELEMENTS--GENERAL INFORMATION
fixed length control field 110517s2011 ctua 000 0 eng
010 ## - LIBRARY OF CONGRESS CONTROL NUMBER
LC control number 2011020997
016 7# - NATIONAL BIBLIOGRAPHIC AGENCY CONTROL NUMBER
Record control number 015816396
Source Uk
020 ## - INTERNATIONAL STANDARD BOOK NUMBER
International Standard Book Number 9780393733501 (pbk.)
035 ## - SYSTEM CONTROL NUMBER
System control number (OCoLC)ocn668194896
042 ## - AUTHENTICATION CODE
Authentication code pcc
082 00 - DEWEY DECIMAL CLASSIFICATION NUMBER
Classification number 720
Edition number 23
100 1# - MAIN ENTRY--PERSONAL NAME
Personal name Rahim, Ali.
245 10 - TITLE STATEMENT
Title Turbulence /
Statement of responsibility, etc Ali Rahim, Christopher Sharples, William Sharples ; edited by Nina Rappaport and Leo Stevens.
250 ## - EDITION STATEMENT
Edition statement 1st ed.
260 ## - PUBLICATION, DISTRIBUTION, ETC. (IMPRINT)
Place of publication, distribution, etc New Haven, Conn. :
Name of publisher, distributor, etc Yale School of Architecture ;
Place of publication, distribution, etc New York, N.Y. :
Name of publisher, distributor, etc Distributed by W. W. Norton & Co.,
Date of publication, distribution, etc c2011.
300 ## - PHYSICAL DESCRIPTION
Extent 176 p. :
Other physical details ill. (chiefly col.) ;
Dimensions 30 cm.
490 1# - SERIES STATEMENT
Series statement Louis I. Kahn visiting assistant professorship
505 0# - FORMATTED CONTENTS NOTE
Formatted contents note Migrating coastlines / Ali Rahim -- Elegance in the age of digital technique / Ali Rahim -- Migrating coastlines : emergent transformation for Dubai, U.A.E. -- Studio research. Transformation -- Refinement of features and surfaces -- Restrained opulence -- New formations : airport city -- Matrix/travel narratives -- Studio research. Contain and thicken -- Scatter and sink -- Collapse and raise -- Beyond experience : spaceport earth. A new infrastructure -- Eco/space tourism -- Diplomatic space.
650 #0 - SUBJECT ADDED ENTRY--TOPICAL TERM
Topical term or geographic name as entry element Architecture and technology.
650 #0 - SUBJECT ADDED ENTRY--TOPICAL TERM
Topical term or geographic name as entry element Architecture
General subdivision Forecasting.
700 1# - ADDED ENTRY--PERSONAL NAME
Personal name Sharples, Christopher.
700 1# - ADDED ENTRY--PERSONAL NAME
Personal name Sharples, William.
700 1# - ADDED ENTRY--PERSONAL NAME
Personal name Rappaport, Nina.
700 1# - ADDED ENTRY--PERSONAL NAME
Personal name Stevens, Leo
Fuller form of name (Leo Rowling),
Dates associated with a name 1983-
830 #0 - SERIES ADDED ENTRY--UNIFORM TITLE
Uniform title Louis I. Kahn visiting assistant professorship.
942 ## - ADDED ENTRY ELEMENTS (KOHA)
Source of classification or shelving scheme
Holdings
Withdrawn status Lost status Source of classification or shelving scheme Damaged status Koha normalized classification for sorting Not for loan Permanent location Current location Date acquired Source of acquisition Cost, normal purchase price Full call number Barcode Date last seen Cost, replacement price Price effective from Koha item type
        720_000000000000000   BMS College of Architecture, Design and Planning BMS College of Architecture, Design and Planning 2022-04-07 6 1928.15 720 AR-PG521 2022-04-07 2754.50 2022-04-07 PG Books
Copyright © 2025, The Librarian, Library and Information Centre, BMSCA D&P, Bengaluru. All Rights Reserved
web counter

Powered by Koha